| 000 | 00426nab a2200145Ia 4500 | ||
|---|---|---|---|
| 003 | ES-SlBCS | ||
| 005 | 20210601125239.0 | ||
| 008 | 140529s1978 xxu||||| |||| 00| 0 eng d | ||
| 041 | _aeng | ||
| 100 | 1 |
_aMcclure, George _9155921 |
|
| 245 | 0 | 0 |
_aContingent A Priori Truths _c George Mcclure |
| 650 | 0 | 4 |
_aVerdad _985938 |
| 773 | 0 |
_tPhilosophy and Phenomenological Research _gvol. 38, 1978, págs. 399-409 _wRev1411 |
|
| 942 | _cAR | ||
| 999 |
_c527174 _d527174 |
||